00483 2200193 4500001002100000005001500021035002000036245003800056100001800094300002600112260004700138082000800185084001400193020002200207600001000229990001700239990001700256990001600273INLIS00000000000113120250822090342 a0010-08250000421 aIslam on The Spot /cRian Hidayat0 aHidayat, Rian a190 hlm ;c14 X 21 cm aJakarta :bPT Elex Media Komputindo,c2020 a297 a297 HID i a978-623-00-151347 4aIslam a3788/PP/2025 a3789/PP/2025 a3790PP/2025